Política económica alternativa a la crisis: sociedad civil y gestión estatal /

Explica la posible racionalidad social de la actual política económica costarricense, como alternativa para salir de la crisis. Se fundamenta en la concepción metodológica que señala que la política económica alternativa a la crisis en Costa Rica es una buena vía para entender como se relacionan los...

Ausführliche Beschreibung

Gespeichert in:
Bibliographische Detailangaben
1. Verfasser: Sánchez Oviedo, Olga Marta
Format: Text
Schlagworte:
Tags: Tag hinzufügen
Keine Tags, Fügen Sie den ersten Tag hinzu!

MARC

LEADER 00000 a a2200000 04500
001 99
003
040
100 |a Sánchez Oviedo, Olga Marta  
245 |a Política económica alternativa a la crisis:   |b sociedad civil y gestión estatal /  |c Olga Marta Sánchez Oviedo 
520 |a Explica la posible racionalidad social de la actual política económica costarricense, como alternativa para salir de la crisis. Se fundamenta en la concepción metodológica que señala que la política económica alternativa a la crisis en Costa Rica es una buena vía para entender como se relacionan los sujetos históricos desde la perspectiva de la sociedad civil y la gestión estatal nacional primero y transnacionalización después. CEM/mb  
650 |a RECESION ECONOMICA  
650 |a POLITICA ECONOMICA  
650 |a DESARROLLO ECONOMICO  
650 |a CONDICIONES ECONOMICAS  
650 |a SOCIEDAD  
650 |a ESTADO  
650 |a METODOLOGIA  
650 |a ANALISIS HISTORICO  
650 |a CLASES SOCIALES  
650 |a PODER POLITICO  
773 |g número 5 -6; páginas 75-94  
999 |c 26476  |d 26476 
773 0 |0 18806  |9 2162  |a Universidad Nacional de Costa Rica  |d Heredia: C.R.: EUNA  |o 02232  |t ABRA  |x 14093928